[Event "3rd VAM op"]
[Site "Hoogeveen NED"]
[Date "1999.10.19"]
[Round "5.24"]
[White "Werle, Jan"]
[Black "Berelowitsch, Alexander"]
[Result "1/2-1/2"]
[WhiteElo "2216"]
[BlackElo "2468"]
[EventDate "1999.10.15"]
[PlyCount "60"]

1.e4 e6 2.d4 d5 3.Nd2 c5 4.exd5 Qxd5 5.Ngf3 cxd4 6.Bc4 Qd6 7.O-O Nf6 8.Nb3
Nc6 9.Nbxd4 Nxd4 10.Nxd4 a6 11.b3 Qc7 12.Bb2 Bd6 13.Nf3 Bd7 14.Re1 O-O-O 
15.Qe2 Bc6 16.Ne5 Nd5 17.Nxc6 Qxc6 18.Qf3 Qc7 19.g3 Nf6 20.Bf1 h5 21.c4 
Bc5 22.Be5 Qc6 23.Qxc6+ bxc6 24.Bxf6 gxf6 25.Red1 Bd4 26.Rab1 c5 27.Kg2 a5
28.a3 h4 29.b4 hxg3 30.hxg3 axb4 1/2-1/2

[Event "3rd VAM op"]
[Site "Hoogeveen NED"]
[Date "1999.10.20"]
[Round "6.1"]
[White "Van Delft, Merijn"]
[Black "Porrasmaa, Timo"]
[Result "1-0"]
[WhiteElo "2323"]
[BlackElo "2152"]
[EventDate "1999.10.15"]
[PlyCount "47"]

1.e4 Nc6 2.Nf3 Nf6 3.e5 Ng4 4.d4 d6 5.h3 Nh6 6.exd6 Qxd6 7.Be2 Bf5 8.c3 e5
9.dxe5 Nxe5 10.Nxe5 Qxe5 11.Be3 Bxb1 12.Rxb1 Nf5 13.Qa4+ c6 14.Bf4 Qf6 15.
O-O Be7 16.Rbe1 O-O 17.Bd3 Rfe8 18.Re5 Nd6 19.Rfe1 Bf8 20.Rxe8 Rxe8 21.
Rxe8 Nxe8 22.Be3 a6 23.Qe4 Qg6 24.Qxe8 1-0

[Event "3rd VAM op"]
[Site "Hoogeveen NED"]
[Date "1999.10.20"]
[Round "6.3"]
[White "Plasman, Hans"]
[Black "Tikkanen, Kari"]
[Result "1-0"]
[WhiteElo "2152"]
[BlackElo "2332"]
[EventDate "1999.10.15"]
[PlyCount "75"]

1.e4 c6 2.f4 d5 3.Nc3 dxe4 4.Nxe4 Nd7 5.Nf3 Ngf6 6.Nf2 e6 7.b3 Qc7 8.g3 b6
9.Bb2 Bb7 10.Bg2 c5 11.Qe2 Be7 12.O-O O-O 13.Rae1 Rfe8 14.c4 a5 15.Nd3 Bf8
16.a4 Rad8 17.Nde5 Nxe5 18.fxe5 Ng4 19.Ng5 Nh6 20.Bxb7 Qxb7 21.Rf4 Qd7 22.
Bc3 Qd3 23.Qxd3 Rxd3 24.Ref1 Rd7 25.g4 Rc8 26.R1f3 Rcd8 27.Kf1 Rc8 28.Ke2 
Rcd8 29.Rh3 Be7 30.Ne4 Kh8 31.Rh5 Bf8 32.Nf2 g6 33.Rh3 Kg7 34.Ne4 Ng8 35.
g5 Be7 36.Nf6 Bxf6 37.exf6+ Kh8 38.Re3 1-0

[Event "3rd VAM op"]
[Site "Hoogeveen NED"]
[Date "1999.10.20"]
[Round "6.5"]
[White "Erwich, Marc"]
[Black "Remmel, Tim"]
[Result "1-0"]
[WhiteElo "2059"]
[BlackElo "2201"]
[EventDate "1999.10.15"]
[PlyCount "71"]

1.e4 d5 2.exd5 Qxd5 3.Nc3 Qa5 4.d4 c6 5.Nf3 Nf6 6.Bc4 Bf5 7.Bd2 e6 8.Qe2 
Bb4 9.O-O-O Nbd7 10.Nh4 Bg4 11.f3 Bxc3 12.bxc3 Bh5 13.Kb2 g5 14.g4 gxh4 
15.gxh5 Qxh5 16.Rhg1 h6 17.Bb3 O-O-O 18.c4 Rhg8 19.Bc3 Kb8 20.Qe3 Rg5 21.
d5 Rf5 22.dxe6 Rxf3 23.e7 Re8 24.Qd2 Rxc3 25.Qxc3 Rxe7 26.Rge1 Rxe1 27.
Rxe1 Qf5 28.Qd4 a5 29.Re7 Qc5 30.Qf4+ Ka7 31.Rxf7 Qb6 32.a4 Qg1 33.Qxh4 h5
34.Rxf6 Qg7 35.Qd4+ c5 36.Ra6+ 1-0

[Event "3rd VAM op"]
[Site "Hoogeveen NED"]
[Date "1999.10.20"]
[Round "6.6"]
[White "Goloshchapov, Alexander"]
[Black "Solleveld, Maarten"]
[Result "1-0"]
[WhiteElo "2519"]
[BlackElo "2404"]
[EventDate "1999.10.15"]
[PlyCount "81"]

1.e4 e5 2.Nf3 Nc6 3.d4 exd4 4.Nxd4 Bc5 5.Nxc6 Qf6 6.Qd2 bxc6 7.Bd3 Ne7 8.
O-O O-O 9.Nc3 Bb4 10.Qe1 d5 11.Bd2 Rb8 12.Rb1 Rd8 13.Kh1 d4 14.Na4 c5 15.
b3 Qc6 16.Nb2 f5 17.f3 Be6 18.Rf2 Re8 19.Re2 fxe4 20.Bxe4 Nd5 21.Qh4 h6 
22.Bxb4 cxb4 23.Rbe1 Bf7 24.Nd3 Qf6 25.Bxd5 Rxe2 26.Bxf7+ Kf8 27.Qxf6 
Rxe1+ 28.Nxe1 gxf6 29.Bg6 Rb5 30.Nd3 f5 31.g4 fxg4 32.fxg4 Ke7 33.Kg2 Kf6 
34.Be4 c5 35.Kf3 Ra5 36.Nc1 Ra6 37.Kf4 Ra5 38.Bd3 Ra3 39.h4 Ra5 40.Bc4 Ra3
41.Ke4 1-0

[Event "3rd VAM op"]
[Site "Hoogeveen NED"]
[Date "1999.10.20"]
[Round "6.7"]
[White "Rantanen, Yrjo"]
[Black "Cifuentes Parada, Roberto"]
[Result "1/2-1/2"]
[WhiteElo "2358"]
[BlackElo "2506"]
[EventDate "1999.10.15"]
[PlyCount "63"]

1.e4 c5 2.Nf3 Nc6 3.d4 cxd4 4.Nxd4 Nf6 5.Nc3 e5 6.Ndb5 d6 7.Bg5 a6 8.Na3 
Be6 9.Nc4 Rc8 10.Nd5 Bxd5 11.Bxf6 gxf6 12.Qxd5 Nd4 13.O-O-O Qe7 14.Kb1 Rc5
15.Nxd6+ Qxd6 16.Qxd6 Bxd6 17.c3 Ke7 18.cxd4 exd4 19.g3 Rd8 20.Bd3 h6 21.
Rc1 Rdc8 22.Rxc5 Rxc5 23.Rd1 Rc7 24.Bc2 Bc5 25.Rd3 b5 26.Rf3 Bd6 27.Rf5 
Rc5 28.Rxc5 Bxc5 29.Bd3 Bb4 30.Kc2 Be1 31.f3 Kd6 32.a4 1/2-1/2

[Event "3rd VAM op"]
[Site "Hoogeveen NED"]
[Date "1999.10.20"]
[Round "6.8"]
[White "Hendriks, Willy"]
[Black "Smeets, Jan"]
[Result "1-0"]
[WhiteElo "2378"]
[BlackElo "2193"]
[EventDate "1999.10.15"]
[PlyCount "147"]

1.e4 d5 2.exd5 Qxd5 3.Nc3 Qa5 4.Bc4 c6 5.d3 Bf5 6.Ne2 e6 7.Ng3 Bg6 8.Qe2 
Nd7 9.Bd2 Qc7 10.O-O-O O-O-O 11.Nge4 Nb6 12.Bb3 Nd5 13.h4 h5 14.g3 Nge7 
15.Ng5 Kb8 16.Nxd5 Nxd5 17.Rhe1 Bf5 18.a3 Ka8 19.Kb1 Bc5 20.Ka2 Rd7 21.Ne4
Be7 22.c4 Nf6 23.Bc3 c5 24.Ba4 Rdd8 25.Bc2 Bg6 26.Ng5 Qb6 27.Nf3 Bd6 28.d4
Bxc2 29.Qxc2 cxd4 30.Bxd4 Bc5 31.Bxc5 Qxc5 32.Ng5 Qc7 33.Rxd8+ Rxd8 34.Rc1
Kb8 35.Qe2 Rd4 36.Nxf7 Re4 37.Qd3 e5 38.Ng5 Rd4 39.Qe2 Qd6 40.Nf3 Re4 41.
Qc2 Qc6 42.Qd3 a6 43.Rc3 Ng4 44.Rc2 Ka7 45.b3 Ka8 46.Rd2 Ka7 47.Qd5 Kb6 
48.Qd8+ Ka7 49.Qd5 Kb6 50.Qxc6+ Kxc6 51.Kb2 b5 52.cxb5+ axb5 53.Kc2 Kc5 
54.Ng5 Re1 55.Ne6+ Kc6 56.Nxg7 Ra1 57.Nxh5 Nxf2 58.Kb2 Rf1 59.Ng7 Ne4 60.
Re2 Kd5 61.g4 Nf2 62.g5 Nd3+ 63.Kc2 Nf4 64.Rh2 Ra1 65.Kc3 Ke4 66.h5 Rg1 
67.g6 Kf3 68.Nf5 e4 69.g7 e3 70.h6 e2 71.Nd4+ Ke3 72.Nxe2 Nxe2+ 73.Rxe2+ 
Kxe2 74.h7 1-0

[Event "3rd VAM op"]
[Site "Hoogeveen NED"]
[Date "1999.10.20"]
[Round "6.9"]
[White "Blees, Albert"]
[Black "Erwich, Frank"]
[Result "1-0"]
[WhiteElo "2410"]
[BlackElo "2196"]
[EventDate "1999.10.15"]
[PlyCount "85"]

1.d4 Nf6 2.Nf3 b6 3.c4 Bb7 4.Nc3 e6 5.a3 d5 6.cxd5 exd5 7.g3 Be7 8.Qa4+ c6
9.Bg2 O-O 10.O-O Nbd7 11.Bf4 Re8 12.Rad1 Nh5 13.Ne5 Nxe5 14.dxe5 Qb8 15.e4
Nxf4 16.gxf4 dxe4 17.Nxe4 Rd8 18.Rxd8+ Qxd8 19.f5 Bf8 20.f6 Qc7 21.fxg7 
Bxg7 22.Nd6 Rd8 23.f4 Ba8 24.Rf3 Bf8 25.Ne4 Kh8 26.Rh3 Be7 27.Qc2 Qd7 28.
Rxh7+ Kg8 29.Rh3 Qd1+ 30.Qxd1 Rxd1+ 31.Kf2 c5 32.Ke2 Rd4 33.Ke3 Bd5 34.
Rg3+ Kf8 35.Nc3 Bc4 36.Be4 Bh4 37.Rh3 Be1 38.f5 Bd2+ 39.Kf3 Ke7 40.Rh8 
Bxc3 41.bxc3 Rd1 42.Bc6 Rf1+ 43.Kg4 1-0

[Event "3rd VAM op"]
[Site "Hoogeveen NED"]
[Date "1999.10.20"]
[Round "6.11"]
[White "Amesz, Jaap"]
[Black "Jonkman, Harmen"]
[Result "1/2-1/2"]
[WhiteElo "2217"]
[BlackElo "2421"]
[EventDate "1999.10.15"]
[PlyCount "86"]

1.d4 d5 2.c4 dxc4 3.Nf3 e6 4.Nc3 Nf6 5.Bg5 Bb4 6.e4 c5 7.Bxc4 cxd4 8.Nxd4 
Bxc3+ 9.bxc3 Qa5 10.Bb5+ Nbd7 11.Qd3 O-O 12.Nb3 Qc7 13.Bxd7 Bxd7 14.Bxf6 
gxf6 15.Qg3+ Qxg3 16.hxg3 Rfc8 17.Kd2 Rc4 18.f3 Rac8 19.Rac1 e5 20.g4 Be6 
21.Rc2 Ra4 22.Rb1 b6 23.Kc1 Bc4 24.Rd2 Be6 25.Kb2 Rac4 26.Rc1 Kg7 27.Rdd1 
Kg6 28.Rh1 Rd8 29.Rh3 Rd3 30.Rc2 Rc8 31.Nd2 Rcd8 32.Nf1 Rd1 33.Ne3 R1d3 
34.Nf5 Bxf5 35.gxf5+ Kg7 36.Rh1 Rd2 37.Kc1 Rxc2+ 38.Kxc2 Rd6 39.g3 Rd7 40.
Rh2 Rd8 41.Rh1 Rd7 42.Rh2 Rd8 43.Rh1 Rd7 1/2-1/2

[Event "3rd VAM op"]
[Site "Hoogeveen NED"]
[Date "1999.10.20"]
[Round "6.12"]
[White "Van der Veen, Jan"]
[Black "Tare, Marenglan"]
[Result "1/2-1/2"]
[WhiteElo "2090"]
[BlackElo "2139"]
[EventDate "1999.10.15"]
[PlyCount "111"]

1.e4 c6 2.d4 d5 3.Nc3 dxe4 4.Nxe4 Nd7 5.Nf3 Ngf6 6.Ng3 e6 7.Bd3 Bd6 8.O-O 
Qc7 9.Re1 O-O 10.Qe2 b6 11.c3 Bb7 12.Ne5 c5 13.Nxd7 Qxd7 14.Nh5 Nxh5 15.
Qxh5 g6 16.Qg4 Qc7 17.Bh6 Rfe8 18.Bb5 Bc6 19.Bxc6 Qxc6 20.Rad1 Rad8 21.
dxc5 Qxc5 22.Qf3 Bf8 23.Bxf8 Rxf8 24.Qf6 Rd5 25.Rxd5 Qxd5 26.Qf4 Qxa2 27.
Qd2 Qd5 28.Qxd5 exd5 29.Rd1 Rd8 30.Kf1 Kf8 31.Rd4 Ke7 32.Ke2 Rd7 33.Kd2 
Ke6 34.b4 b5 35.g3 g5 36.h4 h6 37.hxg5 hxg5 38.Ke3 f5 39.Rd1 Rc7 40.Kd3 a6
41.Rh1 Rf7 42.Kd4 Rf6 43.Ra1 Ke7 44.Kxd5 Re6 45.Rh1 Re2 46.Rh7+ Kf8 47.f4 
gxf4 48.gxf4 Re4 49.Ra7 Rxf4 50.Rxa6 Rc4 51.Rf6+ Ke7 52.Rxf5 Rxc3 53.Rf4 
Rc1 54.Rh4 Kd7 55.Rh7+ Kc8 56.Rh8+ 1/2-1/2

[Event "3rd VAM op"]
[Site "Hoogeveen NED"]
[Date "1999.10.20"]
[Round "6.13"]
[White "Azadmanesh, Moosa"]
[Black "Hulshof, Peter"]
[Result "1/2-1/2"]
[WhiteElo "2147"]
[BlackElo "2195"]
[EventDate "1999.10.15"]
[PlyCount "52"]

1.e4 g6 2.d4 Bg7 3.f4 d5 4.e5 h5 5.Nf3 Nh6 6.Be3 Bg4 7.Bf2 Nf5 8.Nbd2 e6 
9.h3 Bxf3 10.Nxf3 h4 11.Bd3 Bf8 12.O-O Nd7 13.c4 dxc4 14.Bxf5 gxf5 15.d5 
Be7 16.dxe6 fxe6 17.Qa4 Kf7 18.Rfd1 c6 19.Qxc4 Nb6 20.Qb3 Qc7 21.Nd4 Nd5 
22.Qf3 Qd7 23.Re1 Kg6 24.Kh1 Rag8 25.Rad1 Rh6 26.Rg1 Kf7 1/2-1/2

[Event "3rd VAM op"]
[Site "Hoogeveen NED"]
[Date "1999.10.20"]
[Round "6.15"]
[White "Berelowitsch, Alexander"]
[Black "Van den Doel, Erik"]
[Result "1/2-1/2"]
[WhiteElo "2468"]
[BlackElo "2528"]
[EventDate "1999.10.15"]
[PlyCount "86"]

1.e4 e5 2.Nf3 Nc6 3.Bb5 a6 4.Ba4 Nf6 5.O-O Be7 6.Re1 b5 7.Bb3 O-O 8.c3 d5 
9.exd5 Nxd5 10.Nxe5 Nxe5 11.Rxe5 c6 12.d4 Bd6 13.Re1 Qh4 14.g3 Qh3 15.Qd3 
Bg4 16.Be3 Rae8 17.Nd2 Re6 18.Qf1 Qh5 19.a4 f5 20.f4 bxa4 21.Bxd5 cxd5 22.
Qg2 Rfe8 23.Qxd5 Qf7 24.Nf1 g5 25.Bd2 Rxe1 26.Qxf7+ Kxf7 27.Rxe1 Rxe1 28.
Bxe1 gxf4 29.gxf4 Bxf4 30.Bd2 Bb8 31.Ne3 Bh3 32.Nd5 Bg4 33.Kg2 Ke6 34.Nb6 
f4 35.Nxa4 f3+ 36.Kg1 Ba7 37.Bf4 Kd5 38.Kf2 Kc4 39.Bc7 Kb3 40.Bb6 Bb8 41.
Nc5+ Kxb2 42.h3 Bxh3 43.Nxa6 Bd6 1/2-1/2

[Event "3rd VAM op"]
[Site "Hoogeveen NED"]
[Date "1999.10.20"]
[Round "6.16"]
[White "Van der Erf, Remco"]
[Black "Markus, John Raymond"]
[Result "0-1"]
[WhiteElo "2206"]
[BlackElo "2156"]
[EventDate "1999.10.15"]
[PlyCount "120"]

1.d4 Nf6 2.Nf3 c5 3.d5 b5 4.a4 b4 5.Bg5 d6 6.Bxf6 exf6 7.Nbd2 Be7 8.Nc4 f5
9.g3 O-O 10.Bg2 Ba6 11.Nfd2 Bf6 12.O-O Re8 13.Re1 Bxc4 14.Nxc4 Na6 15.Qd3 
g6 16.h4 Rc8 17.h5 Nb8 18.e4 fxe4 19.Bxe4 Kg7 20.Kg2 Rc7 21.Qf3 Be5 22.Qg4
Nd7 23.f4 Nf6 24.h6+ Kf8 25.Qg5 Bd4 26.Rad1 Ng8 27.Qxd8 Rxd8 28.Rh1 f5 29.
Bf3 Nf6 30.Rd3 Ne8 31.Re1 Re7 32.Rxe7 Kxe7 33.c3 bxc3 34.bxc3 Bf6 35.Na5 
Rd7 36.Nc6+ Kf7 37.g4 fxg4 38.Bxg4 Rb7 39.Kg3 a6 40.Bc8 Rb3 41.Bxa6 Rxc3 
42.Rxc3 Bxc3 43.a5 Nc7 44.Bc4 Ke8 45.a6 Kd7 46.a7 Na8 47.Kf3 Kc7 48.Ke4 
Bf6 49.Bd3 Kb7 50.f5 g5 51.Be2 Nb6 52.Bh5 c4 53.Nd4 c3 54.Bd1 g4 55.Nb5 
Nc4 56.Kf4 Be5+ 57.Ke4 g3 58.Nxc3 Bxc3 59.Bf3 Nd2+ 60.Ke3 Nxf3 0-1

[Event "3rd VAM op"]
[Site "Hoogeveen NED"]
[Date "1999.10.20"]
[Round "6.18"]
[White "Reinderman, Dimitri"]
[Black "Van der Weide, Karel"]
[Result "1-0"]
[WhiteElo "2525"]
[BlackElo "2434"]
[EventDate "1999.10.15"]
[PlyCount "141"]

1.e4 c5 2.Nf3 Nc6 3.d4 cxd4 4.Nxd4 Nf6 5.Nc3 d6 6.Bc4 e6 7.Be3 a6 8.Bb3 
Na5 9.f4 Qc7 10.f5 Nc4 11.Bxc4 Qxc4 12.Qf3 Be7 13.O-O-O e5 14.Nde2 b5 15.
b3 Qc6 16.Bg5 Bb7 17.Bxf6 Bxf6 18.Nd5 Rc8 19.c3 Qc5 20.Kb2 h5 21.h4 a5 22.
Rd3 a4 23.b4 a3+ 24.Kxa3 Qa7+ 25.Kb2 Rc4 26.Ng3 Bxd5 27.Rxd5 O-O 28.a3 Ra8
29.Ra1 Bxh4 30.Nxh5 Rac8 31.Rd3 Bg5 32.Ng3 d5 33.exd5 Rf4 34.Qh5 Rf2+ 35.
Ne2 Rxg2 36.Rg3 Rxg3 37.Nxg3 Qf2+ 38.Ne2 Bd2 39.Rh1 Bh6 40.Kb3 Rd8 41.Qh4 
Qb6 42.Qe7 Rxd5 43.Qe8+ Kh7 44.Qxf7 Rd6 45.f6 Rxf6 46.Qd5 Qe3 47.Qxb5 Rf2 
48.Nc1 e4 49.Qd5 Rf3 50.Na2 Qf4 51.Re1 e3 52.Nc1 Qg3 53.Qe4+ Kh8 54.Qe8+ 
Kh7 55.Qe4+ Kh8 56.Ne2 Qf2 57.Nd4 Rh3 58.Re2 Qf1 59.Qe8+ Kh7 60.Qe4+ Kh8 
61.b5 Rh1 62.b6 Qf7+ 63.c4 Rc1 64.Rc2 Rb1+ 65.Rb2 Rc1 66.Ne6 e2 67.Rxe2 
Qf1 68.b7 Qd1+ 69.Kb2 Qd6 70.c5 Qg3 71.Qe5 1-0

[Event "3rd VAM op"]
[Site "Hoogeveen NED"]
[Date "1999.10.20"]
[Round "6.19"]
[White "Jonitz, Jens"]
[Black "Klinova, Masha"]
[Result "1-0"]
[WhiteElo "2316"]
[BlackElo "2359"]
[EventDate "1999.10.15"]
[PlyCount "50"]

1.e4 d6 2.d4 Nf6 3.Nc3 g6 4.g3 Bg7 5.Bg2 O-O 6.Nge2 e5 7.h3 c6 8.a4 Nbd7 
9.O-O Re8 10.Be3 b6 11.g4 Bb7 12.Ng3 d5 13.exd5 cxd5 14.g5 Ne4 15.Ncxe4 
dxe4 16.d5 Ba6 17.Re1 f5 18.gxf6 Nxf6 19.Nxe4 Rc8 20.Bg5 Rf8 21.b3 Qc7 22.
c4 Rce8 23.d6 Qd7 24.Bxf6 Bxf6 25.Qd5+ Qf7 1-0

[Event "3rd VAM op"]
[Site "Hoogeveen NED"]
[Date "1999.10.20"]
[Round "6.20"]
[White "Vedder, Richard"]
[Black "Moll, Arne"]
[Result "1-0"]
[WhiteElo "2234"]
[BlackElo "2172"]
[EventDate "1999.10.15"]
[PlyCount "109"]

1.e4 e5 2.Nf3 Nc6 3.Bb5 a6 4.Bxc6 dxc6 5.d4 exd4 6.Qxd4 Qxd4 7.Nxd4 Be7 8.
O-O Bd7 9.Nc3 O-O-O 10.Be3 Nf6 11.f3 Rhe8 12.Rfd1 Bf8 13.Nb3 Be6 14.Nc5 
Bxc5 15.Bxc5 Nd7 16.Bf2 g5 17.g4 Ne5 18.Kg2 Rxd1 19.Rxd1 h5 20.h3 hxg4 21.
hxg4 Ng6 22.Bg3 Rh8 23.a3 Re8 24.Rd2 Rh8 25.Nd1 a5 26.Ne3 b5 27.Nd1 Bc4 
28.Nf2 Nh4+ 29.Bxh4 Rxh4 30.Kg3 Rh8 31.Nd3 Bxd3 32.Rxd3 Rh1 33.Rd2 Rg1+ 
34.Kf2 Rb1 35.c3 c5 36.e5 Kb7 37.Ke3 Re1+ 38.Re2 Rf1 39.Ke4 Kc6 40.Rd2 a4 
41.Kf5 Rxf3+ 42.Kxg5 Rf1 43.Kh6 b4 44.cxb4 Re1 45.Kg7 Rxe5 46.Kxf7 Rg5 47.
Rg2 cxb4 48.axb4 Kb5 49.Kf6 Rg8 50.g5 Kxb4 51.Rg3 c5 52.g6 c4 53.g7 Ra8 
54.Kf7 Ra7+ 55.Kg6 1-0

[Event "3rd VAM op"]
[Site "Hoogeveen NED"]
[Date "1999.10.20"]
[Round "6.24"]
[White "Bosch, Jeroen"]
[Black "Visser, Yge"]
[Result "1/2-1/2"]
[WhiteElo "2433"]
[BlackElo "2378"]
[EventDate "1999.10.15"]
[PlyCount "37"]

1.e4 e6 2.Nf3 d5 3.exd5 exd5 4.d4 Bg4 5.h3 Bh5 6.Qe2+ Qe7 7.Be3 Nc6 8.Nc3 
O-O-O 9.g4 Bg6 10.O-O-O f6 11.a3 Qe8 12.Nd2 Na5 13.Bf4 a6 14.Qxe8 Bxe8 15.
Bg2 Bf7 16.Nf1 Nc4 17.Ne3 Nxe3 18.fxe3 Ne7 19.Bg3 1/2-1/2

[Event "3rd VAM op"]
[Site "Hoogeveen NED"]
[Date "1999.10.20"]
[Round "6.25"]
[White "Van Kooten, Luuk"]
[Black "Hendriks, Richard V"]
[Result "1-0"]
[WhiteElo "2331"]
[BlackElo "2145"]
[EventDate "1999.10.15"]
[PlyCount "119"]

1.d4 Nf6 2.c4 d6 3.Nc3 g6 4.e4 Bg7 5.Nge2 O-O 6.Ng3 e5 7.d5 Qe8 8.Be2 a5 
9.O-O Na6 10.Rb1 Nc5 11.f3 h5 12.Nb5 Na6 13.a3 Kh7 14.Nh1 Ng8 15.Nf2 Bh6 
16.b4 axb4 17.axb4 Bd7 18.Qc2 Qe7 19.Bxh6 Nxh6 20.Rfc1 c5 21.dxc6 bxc6 22.
Nc3 Nc7 23.b5 Ne6 24.Qd2 Nd4 25.bxc6 Bxc6 26.Nb5 Bxb5 27.cxb5 Rac8 28.Bc4 
f5 29.b6 Nf7 30.b7 Rb8 31.Bd5 Ng5 32.exf5 gxf5 33.Rc3 Nge6 34.Rbc1 Nc5 35.
Nd3 Nb5 36.Nxc5 Nxc3 37.Ne6 Nxd5 38.Nxf8+ Qxf8 39.Qxd5 Qe7 40.Rb1 Qc7 41.
f4 Kg7 42.fxe5 dxe5 43.h3 Kf6 44.Qf3 Kg6 45.Qg3+ Kf6 46.h4 Rxb7 47.Qg5+ 
Ke6 48.Qg6+ Kd5 49.Rd1+ Ke4 50.Qg3 Qb6+ 51.Kh2 Qe3 52.Re1 Rb3 53.Qf3+ Kd4 
54.Rxe3 Rxe3 55.Qxf5 e4 56.Qxh5 Rc3 57.Qg4 Kd3 58.Qd1+ Kc4 59.h5 e3 60.h6 
1-0

[Event "3rd VAM op"]
[Site "Hoogeveen NED"]
[Date "1999.10.21"]
[Round "7.1"]
[White "Solleveld, Maarten"]
[Black "Van Delft, Merijn"]
[Result "1/2-1/2"]
[WhiteElo "2404"]
[BlackElo "2323"]
[EventDate "1999.10.15"]
[PlyCount "84"]

1.e4 c5 2.Nf3 d6 3.d4 cxd4 4.Nxd4 Nf6 5.Nc3 a6 6.f4 e5 7.Nf3 Nbd7 8.a4 Be7
9.Bd3 O-O 10.O-O Nc5 11.Kh1 exf4 12.Bxf4 Bg4 13.Qd2 Rc8 14.Be3 Bh5 15.Nd4 
Ng4 16.Nf5 Nxe3 17.Qxe3 Re8 18.Nd5 Bf8 19.Nh6+ gxh6 20.Nf6+ Kh8 21.Nxh5 
Re5 22.Ng3 Rc7 23.Rf3 Qe8 24.Qd4 Ne6 25.Qf2 Ng5 26.Rf4 Ne6 27.Rf5 Bg7 28.
c3 Nc5 29.Bc2 Qe6 30.Rf1 d5 31.exd5 Rxd5 32.Rf3 Re5 33.Nf5 Re2 34.Qg3 Qg6 
35.Bd1 Rxb2 36.Re3 Ne6 37.Qh3 Rb1 38.Qf3 Rd7 39.Bc2 Rxf1+ 40.Qxf1 Rd2 41.
Bb3 Qf6 42.h3 Bf8 1/2-1/2

[Event "3rd VAM op"]
[Site "Hoogeveen NED"]
[Date "1999.10.21"]
[Round "7.2"]
[White "Porrasmaa, Timo"]
[Black "Van der Erf, Remco"]
[Result "0-1"]
[WhiteElo "2152"]
[BlackElo "2206"]
[EventDate "1999.10.15"]
[PlyCount "53"]

1.d4 Nf6 2.Nf3 b5 3.Bg5 Bb7 4.Nbd2 a6 5.c4 bxc4 6.Nxc4 e6 7.a3 Be7 8.e3 
O-O 9.Bd3 a5 10.Qc2 h6 11.h4 d6 12.Bxf6 Bxf6 13.e4 Nd7 14.e5 Be7 15.Rh3 
Kh8 16.Qd2 dxe5 17.Ncxe5 Nxe5 18.dxe5 Bd5 19.Qf4 f5 20.O-O-O Qe8 21.Rg3 
Rb8 22.Bc2 Qb5 23.b4 axb4 24.Rg6 b3 25.Rxh6+ Kg8 26.Rg6 bxc2 27.Qh6 0-1

[Event "3rd VAM op"]
[Site "Hoogeveen NED"]
[Date "1999.10.21"]
[Round "7.3"]
[White "Visser, Yge"]
[Black "Plasman, Hans"]
[Result "1/2-1/2"]
[WhiteElo "2378"]
[BlackElo "2152"]
[EventDate "1999.10.15"]
[PlyCount "227"]

1.e4 e5 2.Nc3 Nc6 3.g3 h5 4.Nf3 h4 5.Nxh4 Rxh4 6.gxh4 Qxh4 7.d3 Bc5 8.Qd2 
Nd4 9.Bg2 Nh6 10.h3 a6 11.Nd5 Ne6 12.c3 c6 13.Ne3 Nf4 14.Bf1 d5 15.Ng2 
Nxg2+ 16.Bxg2 Be6 17.O-O f6 18.d4 Bxh3 19.f3 exd4 20.cxd4 Ba7 21.Qf2 Qxf2+
22.Rxf2 Bxg2 23.Kxg2 Bxd4 24.Rd2 c5 25.exd5 O-O-O 26.Re2 Nf5 27.d6 Rxd6 
28.Bf4 Rb6 29.Rd1 g5 30.Bc1 Bxb2 31.Bxb2 Rxb2 32.Rxb2 Ne3+ 33.Kg3 Nxd1 34.
Rc2 b6 35.f4 Ne3 36.Re2 gxf4+ 37.Kxf4 Nd5+ 38.Kf5 Kd7 39.Rd2 Kc6 40.Ke6 
Nc7+ 41.Kxf6 Nb5 42.Ke5 Nd4 43.Rf2 Kb5 44.Kd5 a5 45.Rb2+ Ka6 46.a4 Ka7 47.
Rf2 Kb7 48.Rf7+ Ka6 49.Rh7 Ne2 50.Kc6 Nc3 51.Rh8 Ka7 52.Rh3 Nxa4 53.Kb5 
Nb2 54.Rh7+ Kb8 55.Kxb6 Nc4+ 56.Kxc5 Ne5 57.Rh5 Nf7 58.Kc6 Kc8 59.Rh7 Nd8+
60.Kb6 a4 61.Rc7+ Kb8 62.Rc3 Nb7 63.Ra3 Nd6 64.Rxa4 Nc8+ 65.Kc6 Na7+ 66.
Kd7 Kb7 67.Rb4+ Ka6 68.Rb1 Nb5 69.Kc6 Na7+ 70.Kc5 Nc8 71.Rb8 Na7 72.Rb6+ 
Ka5 73.Rh6 Nb5 74.Rh2 Ka4 75.Rb2 Na3 76.Rb8 Nc2 77.Rb2 Na3 78.Rb4+ Ka5 79.
Rh4 Nb5 80.Rh5 Ka4 81.Rh8 Na3 82.Rb8 Nc2 83.Kc4 Na3+ 84.Kd3 Nb5 85.Ra8+ 
Kb4 86.Ra1 Na3 87.Rh1 Kb3 88.Rh4 Nb5 89.Rh6 Kb4 90.Rh5 Nd6 91.Kd4 Nb5+ 92.
Kd5 Nc3+ 93.Kc6 Kc4 94.Rh4+ Kd3 95.Kc5 Ne4+ 96.Kd5 Nc3+ 97.Ke5 Ke3 98.Rh3+
Kd2 99.Kd4 Ne2+ 100.Kc4 Kc2 101.Rd3 Nc1 102.Ra3 Kd2 103.Ra1 Kc2 104.Ra8 
Kd2 105.Rd8+ Kc2 106.Kd4 Nb3+ 107.Ke3 Kc3 108.Rc8+ Kb4 109.Kd3 Nc5+ 110.
Kd4 Nb3+ 111.Kd5 Nd2 112.Rb8+ Kc3 113.Ra8 Nb3 114.Ra4 1/2-1/2

[Event "3rd VAM op"]
[Site "Hoogeveen NED"]
[Date "1999.10.21"]
[Round "7.5"]
[White "Kasimdzhanov, Rustam"]
[Black "Berelowitsch, Alexander"]
[Result "1/2-1/2"]
[WhiteElo "2603"]
[BlackElo "2468"]
[EventDate "1999.10.15"]
[PlyCount "53"]

1.Nf3 Nf6 2.c4 c5 3.Nc3 Nc6 4.g3 d5 5.d4 cxd4 6.Nxd4 dxc4 7.Nxc6 Qxd1+ 8.
Nxd1 bxc6 9.Bg2 Nd5 10.Ne3 e6 11.Nxc4 Ba6 12.Na5 Rc8 13.Bd2 Be7 14.Rc1 c5 
15.b3 O-O 16.O-O Rc7 17.Nc4 Nb6 18.Ba5 Bxc4 19.Rxc4 Nxc4 20.Bxc7 Rc8 21.
Bf4 g5 22.Bc1 Nb6 23.Bb7 Rc7 24.Ba6 c4 25.bxc4 Nxc4 26.Rd1 Bf6 27.f4 
1/2-1/2

[Event "3rd VAM op"]
[Site "Hoogeveen NED"]
[Date "1999.10.21"]
[Round "7.6"]
[White "Gofshtein, Leonid D"]
[Black "Werle, Jan"]
[Result "1/2-1/2"]
[WhiteElo "2507"]
[BlackElo "2216"]
[EventDate "1999.10.15"]
[PlyCount "81"]

1.d4 Nf6 2.c4 c5 3.d5 b5 4.Nf3 g6 5.cxb5 a6 6.b6 a5 7.Nc3 Ba6 8.e4 Bxf1 9.
Kxf1 d6 10.e5 dxe5 11.Nxe5 Qxb6 12.Qa4+ Nfd7 13.Bf4 Bg7 14.Nxd7 Nxd7 15.
Re1 Rd8 16.Bg5 Bf6 17.Bh6 Bxc3 18.bxc3 Qd6 19.Qh4 Nb6 20.Bf4 Qd7 21.Qf6 
Qb5+ 22.Kg1 O-O 23.Qe5 Rxd5 24.Qxe7 Qd7 25.Qe2 Qe6 26.Qxe6 fxe6 27.Bh6 
Rfd8 28.h4 Kf7 29.Rh3 Rd3 30.Rhe3 Rxe3 31.Rxe3 Rd1+ 32.Kh2 Ra1 33.Rf3+ Ke7
34.Bf8+ Ke8 35.Bxc5 Nd7 36.Bd6 Rxa2 37.Rf4 Rd2 38.Bc7 Ra2 39.Rc4 Ke7 40.
Rd4 e5 41.Rd5 1/2-1/2

[Event "3rd VAM op"]
[Site "Hoogeveen NED"]
[Date "1999.10.21"]
[Round "7.8"]
[White "Van der Weide, Karel"]
[Black "Podgaets, Mikhail"]
[Result "0-1"]
[WhiteElo "2434"]
[BlackElo "2490"]
[EventDate "1999.10.15"]
[PlyCount "118"]

1.e4 c6 2.d4 d5 3.e5 Bf5 4.Nf3 e6 5.Be2 Ne7 6.O-O h6 7.b3 c5 8.Bb2 Nec6 9.
Na3 a6 10.c4 cxd4 11.Nxd4 Nxd4 12.Qxd4 Nc6 13.Qf4 d4 14.Bf3 Bc5 15.Rad1 
Qg5 16.Qxg5 hxg5 17.Nb1 Nxe5 18.Bxb7 Ra7 19.Rfe1 Rxb7 20.Rxe5 Bd6 21.Bxd4 
Bxe5 22.Bxe5 Rd7 23.Nc3 Rxd1+ 24.Nxd1 f6 25.Bd6 Kd7 26.c5 e5 27.h3 g4 28.
hxg4 Bxg4 29.Nc3 Be6 30.g3 e4 31.Kf1 e3 32.Ke2 exf2 33.Kxf2 Rh2+ 34.Ke3 
Rb2 35.Kd4 g5 36.Ke3 f5 37.Kd4 Kc6 38.Kd3 f4 39.gxf4 g4 40.Ne2 Rxa2 41.
Nd4+ Kd5 42.f5 Bd7 43.Ke3 Rb2 44.f6 Be8 45.Nf5 Rxb3+ 46.Kf4 a5 47.c6 Kxc6 
48.Nd4+ Kxd6 49.Nxb3 a4 50.Nd2 Bf7 51.Nb1 Kc5 52.Kxg4 Kb4 53.Kg5 Kb3 54.
Kh6 Kb2 55.Kg7 Bd5 56.Nd2 a3 57.Nf1 a2 58.Ne3 Be6 59.Nd1+ Kb3 0-1

[Event "3rd VAM op"]
[Site "Hoogeveen NED"]
[Date "1999.10.21"]
[Round "7.9"]
[White "Jonkman, Harmen"]
[Black "Blees, Albert"]
[Result "1/2-1/2"]
[WhiteElo "2421"]
[BlackElo "2410"]
[EventDate "1999.10.15"]
[PlyCount "50"]

1.e4 e6 2.d4 d5 3.e5 c5 4.c3 Nc6 5.Nf3 Bd7 6.Be2 Nge7 7.Na3 cxd4 8.cxd4 
Nf5 9.Nc2 Qb6 10.O-O a5 11.g4 Nfe7 12.Nh4 Nb4 13.Na3 Ng6 14.Ng2 f6 15.exf6
gxf6 16.f4 f5 17.h3 O-O-O 18.Be3 Kb8 19.Nb1 Bb5 20.Bxb5 Qxb5 21.Nc3 Qc4 
22.Rc1 Nd3 23.Rc2 Nb4 24.Rc1 Nd3 25.Rc2 Nb4 1/2-1/2

[Event "3rd VAM op"]
[Site "Hoogeveen NED"]
[Date "1999.10.21"]
[Round "7.10"]
[White "Brodsky, Mikhail"]
[Black "Goloshchapov, Alexander"]
[Result "1/2-1/2"]
[WhiteElo "2512"]
[BlackElo "2519"]
[EventDate "1999.10.15"]
[PlyCount "45"]

1.e4 e6 2.d3 d5 3.Qe2 Nf6 4.Nf3 Be7 5.g3 c5 6.Bg2 Nc6 7.O-O O-O 8.e5 Ne8 
9.h4 b5 10.a3 a5 11.Re1 Ba6 12.Bf4 Nc7 13.Nbd2 a4 14.Nf1 c4 15.Red1 b4 16.
axb4 cxd3 17.cxd3 Nxb4 18.Ne3 Qd7 19.h5 Rfb8 20.Ne1 Nc6 21.Qg4 Rb4 22.N3c2
Rxb2 23.Rxa4 1/2-1/2

[Event "3rd VAM op"]
[Site "Hoogeveen NED"]
[Date "1999.10.21"]
[Round "7.11"]
[White "Hendriks, Richard V"]
[Black "Azadmanesh, Moosa"]
[Result "0-1"]
[WhiteElo "2145"]
[BlackElo "2147"]
[EventDate "1999.10.15"]
[PlyCount "102"]

1.e4 c5 2.Nf3 d6 3.d4 cxd4 4.Nxd4 Nf6 5.Nc3 a6 6.Rg1 b5 7.g4 Bb7 8.g5 Nxe4
9.Nxe4 Bxe4 10.Qg4 Bb7 11.Bg2 Qc7 12.Bd2 Nd7 13.O-O-O Ne5 14.Qh3 Bxg2 15.
Rxg2 Qd7 16.Qh5 g6 17.Qe2 Bg7 18.Bc3 O-O 19.b3 b4 20.Bb2 a5 21.h4 a4 22.h5
axb3 23.axb3 Ra2 24.h6 Bh8 25.f4 Nc6 26.Qb5 Qa7 27.Qxc6 Rxb2 28.Kxb2 Bxd4+
29.Rxd4 Qxd4+ 30.Kb1 Qxf4 31.Qb7 Qd4 32.Qf3 d5 33.Rg4 Qe5 34.Qg3 Qxg3 35.
Rxg3 e5 36.c3 bxc3 37.Rxc3 e4 38.Kc1 d4 39.Rc7 Rb8 40.Rd7 d3 41.Kd2 Kf8 
42.Rd4 Rxb3 43.Rxe4 Rb5 44.Rg4 Rd5 45.Ra4 Ke7 46.Ra8 Rxg5 47.Rh8 Rg3 48.
Rxh7 Rh3 49.Rh8 Kf6 50.Kc3 Kg5 51.Rf8 f5 0-1